[Event "16. Torneo San Viator - Grupo B"]
[Site "Madrid ESP"]
[Date "2016.04.24"]
[Round "4.4"]
[White "Yaniz Lana, Francisco Javier"]
[Black "Sanchez Ortega, Ivan"]
[Result "1-0"]
[WhiteElo "1575"]
[BlackElo "1668"]
[PlyCount "121"]
[EventDate "2016.04.03"]
[EventType "swiss"]
[EventRounds "9"]
[EventCountry "ESP"]
[Source "lmi"]
[SourceDate "2016.04.03"]

1. d4 Nf6 2. Nf3 e6 3. g3 b6 4. Bg2 Bb7 5. O-O Be7 6. c4 O-O 7. Nc3 c5 8. d5
exd5 9. cxd5 d6 10. Bf4 Nbd7 11. a4 Re8 12. Qb3 a6 13. Rfd1 Nf8 14. Nd2 Ng6 15.
Bg5 Nd7 16. Bxe7 Rxe7 17. Nc4 Qc7 18. e4 Nge5 19. Nxe5 Nxe5 20. f4 Ng6 21. e5
Rd8 22. Ne4 Ba8 23. exd6 Rxd6 24. Nxd6 Qxd6 25. Qc4 a5 26. Re1 Bb7 27. Rxe7
Nxe7 28. Re1 Kf8 29. Qe2 Bc8 30. Qe5 Qxe5 31. fxe5 Bd7 32. d6 Ng6 33. b3 Ke8
34. Bd5 Nf8 35. Rf1 Be6 36. Bxe6 Nxe6 37. Kg2 Nd4 38. Kf2 Kd7 39. Ke3 Ke6 40.
Rd1 f6 41. exf6 gxf6 42. Rf1 Nxb3 43. Rb1 c4 44. Rd1 Kd7 45. Rf1 Nc5 46. Kd4
Nb3+ 47. Kc3 Nc5 48. Kxc4 Ne4 49. Kb5 Nc3+ 50. Kxb6 Nxa4+ 51. Kxa5 Nc5 52. Rxf6
Nb7+ 53. Kb4 Nxd6 54. Rh6 Ke7 55. Rxh7+ Kf8 56. Rd7 Nf5 57. g4 Nh6 58. h3 Nf7
59. Rxf7+ Kxf7 60. Kc5 Kf6 61. Kd5 1-0

[Event "16. Torneo San Viator - Grupo B"]
[Site "Madrid ESP"]
[Date "2016.04.24"]
[Round "4.5"]
[White "Arias Martinez, Ivan"]
[Black "Avendano Layunta, Manuel"]
[Result "1-0"]
[WhiteElo "1642"]
[BlackElo "1576"]
[PlyCount "77"]
[EventDate "2016.04.03"]
[EventType "swiss"]
[EventRounds "9"]
[EventCountry "ESP"]
[Source "lmi"]
[SourceDate "2016.04.03"]

1. e4 d6 2. Nf3 Bg4 3. Bc4 e6 4. Nc3 Nf6 5. d4 d5 6. exd5 exd5 7. Be2 Bb4 8.
O-O Nbd7 9. Bg5 h6 10. Bh4 c6 11. Bg3 Qa5 12. Qd3 Bxc3 13. bxc3 Ne4 14. c4 O-O
15. Rfe1 Rfe8 16. Qb3 Nc3 17. Bd3 Bxf3 18. Rxe8+ Rxe8 19. gxf3 b6 20. Kg2 Ne2
21. cxd5 Nxd4 22. Qb2 Qxd5 23. Be4 Qc5 24. Rd1 Nxf3 25. Bxf3 Nf6 26. Rd3 Nd5
27. Qb3 Rd8 28. c4 Ne3+ 29. Rxe3 Rd4 30. Re4 Rd2 31. Qe3 Qxe3 32. Rxe3 Rc2 33.
Bxc6 Rxa2 34. Re8+ Kh7 35. Be4+ g6 36. Re7 Kg7 37. Bd5 Kf6 38. Rxf7+ Kg5 39.
h4+ 1-0

[Event "16. Torneo San Viator - Grupo B"]
[Site "Madrid ESP"]
[Date "2016.04.24"]
[Round "4.6"]
[White "Mateos Cordero, Francisco"]
[Black "Santos Burkholz, Mario"]
[Result "1/2-1/2"]
[WhiteElo "1623"]
[BlackElo "1526"]
[PlyCount "80"]
[EventDate "2016.04.03"]
[EventType "swiss"]
[EventRounds "9"]
[EventCountry "ESP"]
[Source "lmi"]
[SourceDate "2016.04.03"]

1. d4 d5 2. c4 e6 3. g3 b6 4. Bg2 Bb7 5. Nd2 Nf6 6. Qc2 Be7 7. Ngf3 Nbd7 8. O-O
O-O 9. b3 c5 10. Bb2 Rc8 11. Rac1 Ba6 12. Rfe1 Bb7 13. e3 Ba8 14. Red1 h6 15.
Ne5 Bd6 16. Ndf3 Ne4 17. Nxd7 Qxd7 18. Ne5 Bxe5 19. dxe5 Qc6 20. Bxe4 dxe4 21.
Rd6 Qc7 22. Rcd1 Rfd8 23. R1d2 Rxd6 24. Rxd6 Rd8 25. Qc3 Qe7 26. a3 Rb8 27. Qd2
Qg5 28. h4 Qe7 29. Rd7 Qe8 30. Qd6 Bb7 31. Bc3 Qf8 32. Qc7 Qc8 33. Rxf7 Qxc7
34. Rxc7 Kf8 35. Kf1 a6 36. Ke2 Ba8 37. a4 Rd8 38. Ra7 a5 39. Bd2 Bc6 40. Rc7
Ba8 1/2-1/2

[Event "16. Torneo San Viator - Grupo B"]
[Site "Madrid ESP"]
[Date "2016.04.24"]
[Round "4.7"]
[White "Boria Jimenez, Cesar"]
[Black "Alonso Pardo, Daniel"]
[Result "1-0"]
[WhiteElo "1558"]
[BlackElo "1581"]
[PlyCount "100"]
[EventDate "2016.04.03"]
[EventType "swiss"]
[EventRounds "9"]
[EventCountry "ESP"]
[Source "lmi"]
[SourceDate "2016.04.03"]

1. e4 c5 2. Nf3 Nc6 3. d4 cxd4 4. Nxd4 g6 5. Nc3 Bg7 6. Be3 d6 7. Qd2 Nf6 8. f3
a6 9. g4 Ne5 10. Be2 b5 11. Bh6 Bxh6 12. Qxh6 Qb6 13. Qd2 Bd7 14. g5 Nh5 15.
Nd5 Qd8 16. f4 Nc4 17. Qc3 e5 18. Bxc4 bxc4 19. Nf3 O-O 20. fxe5 Bg4 21. exd6
Qxd6 22. O-O-O Qc5 23. Qe5 Bxf3 24. Ne7+ Qxe7 25. Qxe7 Bxh1 26. Rxh1 Rfe8 27.
Qb7 Reb8 28. Qc7 Rc8 29. Qe5 Re8 30. Qd4 Rac8 31. Rf1 Re7 32. Qd5 Rce8 33. Qxc4
Ng7 34. b4 Ne6 35. h4 Rc7 36. Qxa6 Rec8 37. Rf2 Rc4 38. Rd2 R4c6 39. Qb5 Rc4
40. Qb7 R4c7 41. Qd5 Rd8 42. Qb3 Rdc8 43. a4 Rc4 44. a5 Rxe4 45. b5 Rxh4 46. b6
Nxg5 47. b7 Rh1+ 48. Kb2 Rb8 49. a6 Ne4 50. Rd7 Rf1 1-0

[Event "16. Torneo San Viator - Grupo B"]
[Site "Madrid ESP"]
[Date "2016.04.24"]
[Round "4.8"]
[White "Lopez Nunez, Roberto"]
[Black "Lopez Mijail, Nicolas"]
[Result "1-0"]
[WhiteElo "1482"]
[BlackElo "1675"]
[PlyCount "103"]
[EventDate "2016.04.03"]
[EventType "swiss"]
[EventRounds "9"]
[EventCountry "ESP"]
[Source "lmi"]
[SourceDate "2016.04.03"]

1. e4 c5 2. Nc3 Nc6 3. Bb5 g6 4. Bxc6 dxc6 5. d3 Bg7 6. Be3 b6 7. Qd2 h6 8.
Nge2 Nf6 9. h3 Be6 10. g4 Qc7 11. f4 Rd8 12. f5 Bc8 13. fxg6 fxg6 14. Nf4 g5
15. Nfe2 O-O 16. O-O-O Nd7 17. Rdf1 Ne5 18. Qe1 Nf3 19. Qg3 Be5 20. Qg2 Nh4 21.
Qg1 Kg7 22. d4 Bh2 23. Rxh2 Rxf1+ 24. Qxf1 Qxh2 25. Bg1 Qd6 26. e5 Qe6 27. Ng3
cxd4 28. Nh5+ Kg8 29. Qd3 Qxe5 30. Ne2 Qa5 31. Qc4+ Kf8 32. Bf2 Nf3 33. Qd3 Ne5
34. Qh7 Nf7 35. Qg7+ Ke8 36. Qg8+ Kd7 37. Qxf7 Qa6 38. Nf6+ Kc7 39. Qxe7+ Bd7
40. Bg3+ Kc8 41. Qe5 Qb7 42. Ne4 Be8 43. Nd6+ Rxd6 44. Qxd6 c5 45. Kd2 Bb5 46.
Qf8+ Kd7 47. Qf7+ Kc6 48. Qxb7+ Kxb7 49. Be5 Be8 50. Ng3 Kc6 51. Bg7 h5 52.
gxh5 1-0

[Event "16. Torneo San Viator - Grupo B"]
[Site "Madrid ESP"]
[Date "2016.04.24"]
[Round "4.9"]
[White "Franco Rincon, David"]
[Black "Perez Gonzalez, Manuel"]
[Result "0-1"]
[WhiteElo "1721"]
[BlackElo "1580"]
[PlyCount "92"]
[EventDate "2016.04.03"]
[EventType "swiss"]
[EventRounds "9"]
[EventCountry "ESP"]
[Source "lmi"]
[SourceDate "2016.04.03"]

1. b4 e5 2. Bb2 d6 3. e3 Be6 4. Nf3 Nd7 5. c4 Ngf6 6. Be2 Be7 7. d3 O-O 8. a3
h6 9. Nbd2 c5 10. O-O Qb6 11. b5 a6 12. a4 axb5 13. axb5 Ra7 14. Rxa7 Qxa7 15.
Qc2 Ra8 16. Ra1 Qb8 17. Ra4 Nb6 18. Rxa8 Qxa8 19. Bc3 Nfd7 20. Bd1 f5 21. Bb2
g5 22. h3 g4 23. hxg4 fxg4 24. Nh2 h5 25. d4 Kg7 26. d5 Bf7 27. f3 g3 28. Nhf1
Bg6 29. e4 h4 30. f4 Qf8 31. f5 Bf7 32. Qb3 Bg5 33. Qf3 Nf6 34. Ne3 Qh8 35.
Nef1 Bh5 36. Qb3 Bf4 37. Bc2 Bg4 38. Bd1 h3 39. Bxg4 h2+ 40. Kh1 Nxg4 41. f6+
Kxf6 42. Bxe5+ dxe5 43. Qf3 Nf2+ 44. Qxf2 gxf2 45. d6 Bxd2 46. d7 Nxd7 0-1

[Event "16. Torneo San Viator - Grupo B"]
[Site "Madrid ESP"]
[Date "2016.04.24"]
[Round "4.10"]
[White "Loncomilla Sanhueza, Ernesto"]
[Black "Iriarte Gomez, Enrique"]
[Result "0-1"]
[WhiteElo "1587"]
[BlackElo "1720"]
[PlyCount "81"]
[EventDate "2016.04.03"]
[EventType "swiss"]
[EventRounds "9"]
[EventCountry "ESP"]
[Source "lmi"]
[SourceDate "2016.04.03"]

1. e4 c5 2. Nc3 e6 3. f4 Nc6 4. Bb5 Qc7 5. d3 a6 6. Bxc6 Qxc6 7. Nf3 Ne7 8. O-O
d6 9. Qe1 g6 10. Qh4 Bg7 11. Bd2 b5 12. Rab1 Qc7 13. Ne2 b4 14. c3 a5 15. Rfc1
Ba6 16. c4 Bb7 17. Ng3 Qd7 18. Be3 Qa4 19. d4 Qxa2 20. dxc5 Qb3 21. Bd4 Bxd4+
22. Nxd4 Qe3+ 23. Kh1 Qxd4 24. cxd6 Qxd6 25. f5 O-O-O 26. c5 Qd7 27. f6 Nc6 28.
Nf1 h5 29. Ne3 Ba6 30. Qh3 Qd4 31. Nd5 Kb7 32. Nb6 Qxe4 33. Re1 Qd3 34. Qh4 Rd4
35. Qg5 Rhd8 36. h3 Qd2 37. Qg3 Rd3 38. Qh2 Qf2 39. Rf1 Qxc5 40. Na4 Qc2 41.
Qg1 0-1

[Event "16. Torneo San Viator - Grupo B"]
[Site "Madrid ESP"]
[Date "2016.04.24"]
[Round "4.11"]
[White "Chislia, Mihai"]
[Black "Garcia Rojas, Juan Carlos"]
[Result "1-0"]
[WhiteElo "1683"]
[BlackElo "1521"]
[PlyCount "109"]
[EventDate "2016.04.03"]
[EventType "swiss"]
[EventRounds "9"]
[EventCountry "ESP"]
[Source "lmi"]
[SourceDate "2016.04.03"]

1. e4 c5 2. Nf3 Nc6 3. d4 cxd4 4. Nxd4 Qb6 5. Nb3 e5 6. Nc3 Bb4 7. Bd2 Nf6 8.
Qe2 O-O 9. a3 Be7 10. O-O-O a6 11. g4 d6 12. g5 Nd7 13. h4 Nc5 14. Nxc5 dxc5
15. Nd5 Qd8 16. f4 Nd4 17. Qg2 Be6 18. Nxe7+ Qxe7 19. f5 Ba2 20. f6 Qe6 21. Bc3
Rfd8 22. Qf2 Nb3+ 23. cxb3 Rxd1+ 24. Kxd1 Qxb3+ 25. Kc1 Rd8 26. Be2 Qa4 27. Qf3
Qe8 28. fxg7 b5 29. Qf6 b4 30. axb4 cxb4 31. Bxb4 Rc8+ 32. Bc3 Qa4 33. Qxa6
Rxc3+ 34. bxc3 Qxe4 35. Rd1 Qb1+ 36. Kd2 Qb2+ 37. Ke1 Qxc3+ 38. Kf2 Qc5+ 39.
Kf1 Be6 40. Qa8+ Kxg7 41. Qf3 Qe7 42. Kg2 e4 43. Qf6+ Qxf6 44. gxf6+ Kxf6 45.
Kg3 Ke5 46. h5 f5 47. Kh4 Kf4 48. Rd6 Ke5 49. Rd8 f4 50. Bg4 f3 51. Re8 f2 52.
Bxe6 Kf4 53. Bc4 e3 54. Be2 h6 55. Re7 1-0

[Event "16. Torneo San Viator - Grupo B"]
[Site "Madrid ESP"]
[Date "2016.04.24"]
[Round "4.12"]
[White "Gortazar Rubial, Javier Maria"]
[Black "Benitez Cadenas, Luis Miguel"]
[Result "1/2-1/2"]
[WhiteElo "1582"]
[BlackElo "1663"]
[PlyCount "120"]
[EventDate "2016.04.03"]
[EventType "swiss"]
[EventRounds "9"]
[EventCountry "ESP"]
[Source "lmi"]
[SourceDate "2016.04.03"]

1. e4 e6 2. d4 d5 3. e5 c5 4. c3 Nc6 5. Nf3 Qb6 6. a3 Nh6 7. b4 cxd4 8. cxd4
Nf5 9. Be3 Bd7 10. Be2 Be7 11. Nc3 f6 12. Na4 Qd8 13. Nc5 fxe5 14. Nxb7 Qc7 15.
Nc5 exd4 16. Bg5 Bxc5 17. bxc5 Qa5+ 18. Qd2 Qxc5 19. O-O O-O 20. Bf4 Qc3 21.
Qa2 Rfe8 22. Ne5 Nxe5 23. Bxe5 Qa5 24. Rab1 a6 25. Rfc1 Bb5 26. Bc7 Qa4 27. Rb4
Bc4 28. Bxc4 Qd7 29. Bd3 Ne7 30. Bg3 Nc6 31. Rb6 Rec8 32. h3 Na5 33. Rxc8+ Rxc8
34. Qe2 Rc1+ 35. Kh2 Nc6 36. Rb2 Rc3 37. Bxa6 Rxa3 38. Bb5 Rc3 39. Bxc6 Rxc6
40. Rb8+ Rc8 41. Rxc8+ Qxc8 42. Qd3 Qc4 43. Qxc4 dxc4 44. Be5 d3 45. Bc3 Kf7
46. Kg1 Kg6 47. Kf1 Kf5 48. Ke1 g5 49. g3 h5 50. Kd2 g4 51. hxg4+ hxg4 52. Ke3
e5 53. Bd2 Ke6 54. Ke4 Kd6 55. f3 gxf3 56. Kxf3 Kd5 57. Ke3 Ke6 58. Ke4 Kf6 59.
Bc3 Ke6 60. Bd2 Kd6 1/2-1/2

[Event "16. Torneo San Viator - Grupo B"]
[Site "Madrid ESP"]
[Date "2016.04.24"]
[Round "4.13"]
[White "Blanco Ruiz, Cesar"]
[Black "Raya Rodriguez, Juan"]
[Result "1-0"]
[WhiteElo "1559"]
[BlackElo "1649"]
[PlyCount "107"]
[EventDate "2016.04.03"]
[EventType "swiss"]
[EventRounds "9"]
[EventCountry "ESP"]
[Source "lmi"]
[SourceDate "2016.04.03"]

1. d4 f5 2. Bg5 h6 3. Bh4 g5 4. e3 Nf6 5. Bg3 d6 6. h4 g4 7. h5 Ne4 8. Bh4 Rg8
9. g3 c6 10. Nc3 Qa5 11. Nge2 Be6 12. Bg2 Bd5 13. O-O Nxc3 14. bxc3 Bc4 15. Re1
Bxe2 16. Rxe2 Qxc3 17. Rb1 b6 18. Rb3 Qc4 19. e4 fxe4 20. Rxe4 d5 21. Rxg4 Rxg4
22. Qxg4 Nd7 23. Re3 a5 24. c3 Qxa2 25. Qg6+ Kd8 26. Qxc6 Qb1+ 27. Kh2 Rc8 28.
Qxd5 Qc2 29. Qf3 a4 30. Bh3 a3 31. Re2 Qxc3 32. Qf7 Qxd4 33. Bxe7+ Bxe7 34.
Qxe7+ Kc7 35. Qxa3 Rf8 36. Qa7+ Kd8 37. Qxd7+ Qxd7 38. Bxd7 Kxd7 39. Rc2 b5 40.
Kg2 Kd6 41. g4 b4 42. Kg3 Kd5 43. f4 b3 44. Rb2 Ke4 45. Rxb3 Rd8 46. Rb4+ Ke3
47. g5 Rd3 48. Kg4 Kf2 49. g6 Rg3+ 50. Kf5 Rh3 51. Rb2+ Kf1 52. g7 Rg3 53. Kf6
Rg4 54. f5 1-0

[Event "16. Torneo San Viator - Grupo B"]
[Site "Madrid ESP"]
[Date "2016.04.24"]
[Round "4.14"]
[White "Laray Fernandez, Juan"]
[Black "Correas Aguilera, Eufemio"]
[Result "0-1"]
[WhiteElo "1498"]
[BlackElo "1639"]
[PlyCount "111"]
[EventDate "2016.04.03"]
[EventType "swiss"]
[EventRounds "9"]
[EventCountry "ESP"]
[Source "lmi"]
[SourceDate "2016.04.03"]

1. e4 d5 2. exd5 Qxd5 3. Nc3 Qa5 4. d4 Nf6 5. Bd2 c6 6. Bc4 Bf5 7. Ne4 Qc7 8.
Ng5 e6 9. Ne2 Bd6 10. Ng3 Bg6 11. O-O O-O 12. f4 h6 13. Nf3 Bxf4 14. Bxf4 Qxf4
15. Ne5 Qg5 16. Nxg6 Qxg6 17. Bd3 Qg5 18. Rf3 Nbd7 19. Ne2 Nb6 20. Qe1 Qd5 21.
Qg3 Ne4 22. Qf4 Nf6 23. Nc3 Qg5 24. Qd6 Nbd5 25. Rg3 Qf4 26. Qxf4 Nxf4 27. Rf1
Nxd3 28. Rxf6 Kh7 29. Rff3 Nxb2 30. Ne4 Nc4 31. Rh3 Rad8 32. c3 Nd6 33. Nc5 b6
34. Nd3 Ne4 35. Ne5 Ng5 36. Nxc6 Nxh3+ 37. Rxh3 Rd7 38. Rf3 Rc7 39. Ne5 Rfc8
40. Nxf7 Rxc3 41. Rf4 Kg8 42. Ne5 Rf8 43. g3 Rxf4 44. gxf4 Ra3 45. Kf2 Rxa2+
46. Kg3 Rc2 47. h4 Rc3+ 48. Kg4 a5 49. f5 exf5+ 50. Kxf5 a4 51. d5 Rd3 52. Nc6
Kf8 53. Ke6 Ke8 54. Nd4 a3 55. Nb3 a2 56. d6 0-1

[Event "16. Torneo San Viator - Grupo B"]
[Site "Madrid ESP"]
[Date "2016.04.24"]
[Round "4.15"]
[White "Caravantes Camacho, Fernando"]
[Black "Perez Carballeira, Francisco"]
[Result "1/2-1/2"]
[WhiteElo "1621"]
[BlackElo "1509"]
[PlyCount "114"]
[EventDate "2016.04.03"]
[EventType "swiss"]
[EventRounds "9"]
[EventCountry "ESP"]
[Source "lmi"]
[SourceDate "2016.04.03"]

1. e4 c6 2. d4 d5 3. Nc3 dxe4 4. Nxe4 Bf5 5. Nc3 e6 6. Nf3 Nf6 7. Bd3 Bxd3 8.
Qxd3 Be7 9. O-O Nbd7 10. Be3 Qc7 11. h3 Rd8 12. Qc4 Nb6 13. Qe2 Nbd5 14. Nxd5
Nxd5 15. c4 Nxe3 16. fxe3 O-O 17. Rad1 Bf6 18. Rd3 e5 19. Nxe5 Bxe5 20. dxe5
Qxe5 21. Rfd1 Rxd3 22. Rxd3 Qe6 23. b3 Re8 24. e4 h6 25. Rd4 c5 26. Rd5 b6 27.
Kf2 a5 28. Qf3 Qxe4 29. Qxe4 Rxe4 30. Rd8+ Kh7 31. Rd7 Kg6 32. Rd6+ Re6 33. Rd5
f5 34. Kf3 Kf6 35. g4 g6 36. gxf5 gxf5 37. h4 Kg6 38. Kf4 Re4+ 39. Kg3 Kf6 40.
Rd6+ Re6 41. Rd5 Re3+ 42. Kf4 Re4+ 43. Kg3 Rd4 44. Rxd4 cxd4 45. Kf4 Ke6 46. a3
d3 47. Ke3 Ke5 48. Kxd3 f4 49. b4 axb4 50. axb4 h5 51. c5 bxc5 52. bxc5 Kd5 53.
c6 Kxc6 54. Ke4 f3 55. Kxf3 Kd6 56. Kf4 Ke6 57. Kg5 Kf7 1/2-1/2

[Event "16. Torneo San Viator - Grupo B"]
[Site "Madrid ESP"]
[Date "2016.04.24"]
[Round "4.16"]
[White "Del Rio Perezagua, Mario"]
[Black "Dominguez Afonso, Ayraldo"]
[Result "1-0"]
[WhiteElo "1457"]
[BlackElo "1619"]
[PlyCount "76"]
[EventDate "2016.04.03"]
[EventType "swiss"]
[EventRounds "9"]
[EventCountry "ESP"]
[Source "lmi"]
[SourceDate "2016.04.03"]

1. e4 e5 2. Nf3 Nc6 3. Bb5 a6 4. Ba4 b5 5. Bb3 Nf6 6. d3 d6 7. c3 Be7 8. O-O
O-O 9. Re1 Na5 10. Bc2 c5 11. Nbd2 Nc6 12. Nf1 Qc7 13. Ng3 Re8 14. Qe2 Bd7 15.
a4 b4 16. Nh4 g6 17. Nf3 bxc3 18. bxc3 d5 19. Bg5 d4 20. Qd2 Qa5 21. c4 Qxd2
22. Bxd2 Rab8 23. Reb1 Bd6 24. Ne1 Nb4 25. Bd1 a5 26. Bg5 Kg7 27. h4 h6 28. Bd2
Rb7 29. Rb2 Reb8 30. Rab1 Ng8 31. Nf1 f5 32. Bf3 Ne7 33. g3 Nc8 34. Nc2 Bxa4
35. Nxb4 Bd1 36. Rxd1 cxb4 37. Ra1 Ra8 38. Rc1 Bc5 1-0

[Event "16. Torneo San Viator - Grupo B"]
[Site "Madrid ESP"]
[Date "2016.04.24"]
[Round "4.17"]
[White "Tudela Garcia, Antonio"]
[Black "Cortijo Manso, Luis"]
[Result "0-1"]
[WhiteElo "1616"]
[BlackElo "1504"]
[PlyCount "49"]
[EventDate "2016.04.03"]
[EventType "swiss"]
[EventRounds "9"]
[EventCountry "ESP"]
[Source "lmi"]
[SourceDate "2016.04.03"]

1. e4 e6 2. d4 d5 3. Nd2 Nf6 4. e5 Nfd7 5. f4 c5 6. c3 cxd4 7. cxd4 f6 8. Ndf3
Qb6 9. Ne2 Nc6 10. g3 fxe5 11. fxe5 Be7 12. Bh3 Nf8 13. O-O Bd7 14. Kh1 h6 15.
b3 Nh7 16. Ne1 O-O-O 17. Bb2 Kb8 18. Nc2 g5 19. Nc3 Nf8 20. Na4 Qc7 21. Ba3 h5
22. Bxe6 Nxe6 23. Nc5 g4 24. Nxd7+ Qxd7 25. Bb2 0-1

[Event "16. Torneo San Viator - Grupo B"]
[Site "Madrid ESP"]
[Date "2016.04.24"]
[Round "4.18"]
[White "Simon Escalona, Irene"]
[Black "Arias Cusio, Oscar"]
[Result "1-0"]
[WhiteElo "1423"]
[BlackElo "1611"]
[PlyCount "65"]
[EventDate "2016.04.03"]
[EventType "swiss"]
[EventRounds "9"]
[EventCountry "ESP"]
[Source "lmi"]
[SourceDate "2016.04.03"]

1. e4 e5 2. Nf3 Nc6 3. Bc4 Be7 4. c3 d6 5. d3 Bd7 6. O-O Na5 7. Bb3 Nxb3 8.
Qxb3 b6 9. d4 exd4 10. cxd4 Nf6 11. Nc3 O-O 12. Rd1 Bg4 13. Rd3 Qc8 14. Qc2 Qb7
15. Re3 Bh5 16. Nh4 h6 17. Nf5 c6 18. Rg3 Bg6 19. Nh4 Nh5 20. Nxg6 Nxg3 21.
Nxf8 Nxe4 22. Nxe4 Rxf8 23. Bf4 d5 24. Ng3 Rc8 25. Nf5 Bf8 26. Bd6 Qd7 27. Bxf8
Rxf8 28. Re1 g6 29. Ne7+ Kg7 30. Qxc6 Qg4 31. Qxd5 Re8 32. h3 Qf4 33. Qe5+ 1-0

[Event "16. Torneo San Viator - Grupo B"]
[Site "Madrid ESP"]
[Date "2016.04.24"]
[Round "4.19"]
[White "Marquez Leon, Juan A"]
[Black "Di Pietro Moreno, Fatima"]
[Result "1-0"]
[WhiteElo "1588"]
[BlackElo "1403"]
[PlyCount "47"]
[EventDate "2016.04.03"]
[EventType "swiss"]
[EventRounds "9"]
[EventCountry "ESP"]
[Source "lmi"]
[SourceDate "2016.04.03"]

1. d4 d5 2. Nf3 Nf6 3. Bf4 e6 4. e3 c5 5. c4 cxd4 6. Nxd4 Bb4+ 7. Nd2 Qb6 8.
Qc2 Nc6 9. N4f3 O-O 10. a3 Be7 11. b4 a6 12. c5 Qd8 13. Nd4 Bd7 14. Bd3 h6 15.
Nxc6 Bxc5 16. Nf3 a5 17. O-O axb4 18. axb4 Rxa1 19. Rxa1 Nh5 20. Bg3 Nxg3 21.
hxg3 Bb6 22. Rb1 e5 23. e4 d4 24. b5 1-0

[Event "16. Torneo San Viator - Grupo B"]
[Site "Madrid ESP"]
[Date "2016.04.24"]
[Round "4.21"]
[White "Espinosa Palacios, Victoriano"]
[Black "Gutierrez Garcia, Alberto"]
[Result "1/2-1/2"]
[WhiteElo "1436"]
[BlackElo "1675"]
[PlyCount "127"]
[EventDate "2016.04.03"]
[EventType "swiss"]
[EventRounds "9"]
[EventCountry "ESP"]
[Source "lmi"]
[SourceDate "2016.04.03"]

1. d4 Nf6 2. c4 e6 3. g3 d5 4. Nf3 Be7 5. Bg2 Nbd7 6. O-O O-O 7. cxd5 exd5 8.
Nc3 b6 9. Bf4 a6 10. Rc1 Bb7 11. Ne5 Rc8 12. Qb3 Nxe5 13. dxe5 Ne4 14. Nxe4
dxe4 15. Rfd1 Qe8 16. e6 Bc5 17. Rxc5 bxc5 18. Qxb7 Qxe6 19. Bxe4 Qxa2 20. Bd5
Qa4 21. b3 Qd7 22. e3 Qg4 23. Bf3 Qf5 24. Kg2 Qe6 25. h3 Qe7 26. Qxa6 g5 27.
Bxg5 Qxg5 28. Rd5 Qg6 29. Qxg6+ hxg6 30. Rxc5 Rfd8 31. b4 Rd6 32. b5 Kf8 33.
Bc6 Rd2 34. Bb7 Rb8 35. Rxc7 Kg7 36. Bc6 Rc2 37. Rd7 Re8 38. e4 Kf6 39. Bd5 Re7
40. Rd6+ Ke5 41. Ra6 f5 42. Ra4 fxe4 43. Rxe4+ Kf6 44. Rxe7 Kxe7 45. Bc6 Kf6
46. g4 Rb2 47. Kg3 g5 48. f3 Rb3 49. h4 Kg6 50. hxg5 Kxg5 51. Kf2 Kf4 52. Ke2
Ke5 53. Kd2 Kd4 54. Kc2 Rb4 55. g5 Ke5 56. Kc3 Rb1 57. Kc4 Kd6 58. g6 Rg1 59.
Be4 Rc1+ 60. Kb3 Kc5 61. Bc6 Rg1 62. Be8 Rg3 63. g7 Rxf3+ 64. Kc2 1/2-1/2

[Event "16. Torneo San Viator - Grupo B"]
[Site "Madrid ESP"]
[Date "2016.04.24"]
[Round "4.22"]
[White "Algaba Traspuesto, Jose Antonio"]
[Black "Insua Rodriguez, Antonio"]
[Result "1/2-1/2"]
[WhiteElo "1633"]
[BlackElo "1406"]
[PlyCount "49"]
[EventDate "2016.04.03"]
[EventType "swiss"]
[EventRounds "9"]
[EventCountry "ESP"]
[Source "lmi"]
[SourceDate "2016.04.03"]

1. d4 d5 2. e3 Nf6 3. Bd3 e6 4. Nd2 c5 5. c3 Nc6 6. f4 Bd6 7. Qf3 cxd4 8. exd4
Qc7 9. Nh3 h6 10. g3 Bd7 11. Qe2 g5 12. Rf1 g4 13. Nf2 h5 14. a3 Ng8 15. c4
Nxd4 16. Qd1 O-O-O 17. b4 dxc4 18. Bxc4 Nf3+ 19. Nxf3 Qxc4 20. Bb2 Bxb4+ 21.
Nd2 Bxd2+ 22. Qxd2 Bb5 23. Rc1 Rxd2 24. Rxc4+ Bxc4 25. Kxd2 1/2-1/2

[Event "16. Torneo San Viator - Grupo B"]
[Site "Madrid ESP"]
[Date "2016.04.24"]
[Round "4.23"]
[White "Fernandez Munoz, Jesus Norberto"]
[Black "Fernandez Garcia, Emilio"]
[Result "1-0"]
[WhiteElo "1399"]
[BlackElo "1624"]
[PlyCount "83"]
[EventDate "2016.04.03"]
[EventType "swiss"]
[EventRounds "9"]
[EventCountry "ESP"]
[Source "lmi"]
[SourceDate "2016.04.03"]

1. d4 Nf6 2. Nf3 e6 3. Bf4 d5 4. h3 Bd6 5. Bxd6 Qxd6 6. e3 O-O 7. Bd3 Nbd7 8.
O-O c5 9. c3 b6 10. Nbd2 Bb7 11. Rb1 Rfd8 12. a3 c4 13. Bc2 Rac8 14. Re1 Ne4
15. Nf1 f5 16. N1h2 Qe7 17. Nd2 Nd6 18. f4 Kh8 19. Qh5 Rg8 20. Qf3 g5 21. g4
Rcf8 22. Re2 Qf7 23. Rf1 Nf6 24. Rg2 Nfe4 25. Nxe4 Nxe4 26. Bxe4 fxe4 27. Qe2
Qd7 28. Rgf2 Qg7 29. Rg2 Bc8 30. Rff2 gxf4 31. exf4 Qh6 32. Qe3 Rf7 33. g5 Qf8
34. Ng4 Rc7 35. h4 a5 36. Nf6 Rgg7 37. h5 b5 38. Ng4 Rcf7 39. Ne5 Rf5 40. h6
Rg8 41. g6 Rxg6 42. Rxg6 1-0

[Event "16. Torneo San Viator - Grupo B"]
[Site "Madrid ESP"]
[Date "2016.04.24"]
[Round "4.24"]
[White "Rivera Rodriguez, Luis Fernando"]
[Black "Martinez Pascual, Gonzalo"]
[Result "1-0"]
[WhiteElo "1329"]
[BlackElo "1546"]
[PlyCount "115"]
[EventDate "2016.04.03"]
[EventType "swiss"]
[EventRounds "9"]
[EventCountry "ESP"]
[Source "lmi"]
[SourceDate "2016.04.03"]

1. e4 c5 2. Nf3 d6 3. Bb5+ Bd7 4. Bxd7+ Nxd7 5. c4 e5 6. d3 Ngf6 7. b3 Be7 8.
Nc3 O-O 9. O-O h6 10. Ne2 a6 11. Ng3 b5 12. Nf5 Re8 13. Bd2 b4 14. Ng3 a5 15.
h3 Nf8 16. a3 Ng6 17. axb4 axb4 18. Rxa8 Qxa8 19. Qa1 Nd7 20. Nf5 Nb6 21. Qb2
Qc6 22. Ra1 Qd7 23. Ra6 Rb8 24. Qa2 Rb7 25. Qa5 Bd8 26. Qa2 Ne7 27. N3h4 Nc6
28. Qa1 Nd4 29. Nxd4 Bxh4 30. Nf5 Bd8 31. f4 Bf6 32. fxe5 Bxe5 33. Qc1 Kf8 34.
Bf4 Qe6 35. Bxe5 Qxe5 36. Qd2 Qe8 37. Nxd6 Qd7 38. Nxb7 Qxb7 39. Ra1 Nd7 40.
Qf4 Nf6 41. Qd6+ Kg8 42. Qxc5 Qd7 43. Ra8+ Ne8 44. Qd5 Qe7 45. Qd8 Kf8 46.
Qxe7+ Kxe7 47. Rb8 Nc7 48. Rxb4 Kd6 49. d4 g6 50. Rb6+ Ke7 51. b4 Ne6 52. Rb7+
Kd6 53. d5 Ng5 54. c5+ Ke5 55. d6 Kxe4 56. Re7+ Kd5 57. d7 Ne6 58. Rxe6 1-0

[Event "16. Torneo San Viator - Grupo B"]
[Site "Madrid ESP"]
[Date "2016.04.24"]
[Round "4.25"]
[White "Cabello Rodriguez, Raul"]
[Black "Jimenez Perez, Federico"]
[Result "1-0"]
[WhiteElo "1507"]
[BlackElo "1358"]
[PlyCount "65"]
[EventDate "2016.04.03"]
[EventType "swiss"]
[EventRounds "9"]
[EventCountry "ESP"]
[Source "lmi"]
[SourceDate "2016.04.03"]

1. Nf3 Nf6 2. d4 g6 3. Bf4 Bg7 4. e3 O-O 5. Be2 d6 6. h3 Nbd7 7. c4 c5 8. O-O
b6 9. Nc3 Bb7 10. Qc2 Re8 11. Rfd1 Qc7 12. a3 Rad8 13. b4 cxd4 14. Nb5 Qb8 15.
exd4 a6 16. Nc3 e5 17. Bh2 e4 18. Nd2 e3 19. fxe3 Rxe3 20. c5 Qa8 21. Nc4 Be4
22. Nxe4 Rxe4 23. Bf3 Qd5 24. Nxd6 bxc5 25. Nxe4 Nxe4 26. Bxe4 Qg5 27. bxc5
Qe3+ 28. Kh1 Bxd4 29. Bg1 Qc3 30. Bxd4 Qg3 31. Bf2 Qc7 32. c6 Ne5 33. Rxd8+ 1-0